Sudden Death - Nachbarländer Jordaniens - Statistiken

Allgemein
  • Dieses Quiz wurde 23 mal gespielt
  • Das Durchschnittsergebnis liegt bei 4 aus 6
Answers on the Grid
Answers color-coded by a green-red scale on the quiz's grid according to % correct below.
Jordanien🇯🇴
Jordanien🇯🇴
Israel🇮🇱
Syrien🇸🇾
Saudi-Arabien🇸🇦
Irak🇮🇶
Libanon🇱🇧
Türkei🇹🇷
Marokko🇲🇦
Ägypten🇪🇬
Kuwait🇰🇼
Katar🇶🇦
Oman🇴🇲
Jemen🇾🇪
Bahrain🇧🇭
Vereinigte Arabische Emirate🇦🇪
Armenien🇦🇲
Georgien🇬🇪
Aserbaidschan🇦🇿
Libyen🇱🇾
 
Antwortstatistiken
Antwort % Korrekt
Israel🇮🇱
88%
Jordanien🇯🇴
71%
Jordanien🇯🇴
65%
Saudi-Arabien🇸🇦
59%
Irak🇮🇶
53%
Syrien🇸🇾
47%
Keine übereinstimmenden Quizze gefunden
Verteilung der Resultate
Anzahl Personen mit jedem Resultat
Perzentil nach korrekt beantworteten Fragen
Ihre Resultats-Entwicklung
Sie haben dieses Quiz noch nicht gespielt